000 00502nam a22001217a 4500
040 _cRUA
082 _aAVM LOU 2025 B705 Or.1
100 _aLOUY SENSRORS, ឡូយ សែនស្រស់
245 _aSkin parasite of horses in kaoh soutin, kampong cham province, បរាសិតលើស្បែកសត្វសេះ នៅស្រុកកោះសូទិន ខេត្តកំពង់ចាម
260 _aPHNOM PENH
_bRUA
_c2025
300 _aix, 39p.
_bill.
_c29cm.
942 _cAVM
999 _c25804
_d25804